000 00497nam a2200157 i 4500
001 45381
003 ES-MaACL
005 20230906161217.0
007 t|
008 030325s1964 sp ||||1| spa d
111 2 _aColoquio internacional de geometrĂ­a diferencial (
_d1963.
_cSantiago)
_9102
245 1 0 _aColoquio internacional de geometrĂ­a diferencial.
260 _aSantiango :
_bUniversidad, Seminario conciliar,
_c1964.
300 _a82 p. ;
_c25 cm.
852 _aES-MaACL
_jC-24973
_bR.53915
999 _c45381
_d45381